Las medidas y los hombres
Guardat en:
| Autor principal: | |
|---|---|
| Format: | Llibre |
| Idioma: | espanyol |
| Publicat: |
Ciudad de México Madrid, España
Siglo Veintiuno
1980
|
| Edició: | 2a. ed |
| Matèries: | |
| Etiquetes: |
Afegir etiqueta
Sense etiquetes, Sigues el primer a etiquetar aquest registre!
|
MARC
| LEADER | 00000nam a2200000 a 4500 | ||
|---|---|---|---|
| 001 | UCW8331 | ||
| 003 | CL-VaPUC | ||
| 005 | 20210520132807.0 | ||
| 008 | 880805e19800000MX |||||||||||||||||spa|d | ||
| 999 | |c 220732 |d 220730 | ||
| 020 | |a 978-84-323-0368-5 | ||
| 040 | |c Pontificia Universidad Católica de Valparaíso | ||
| 082 | 0 | 4 | |a 907.2 KUL 1980 |2 21 |
| 100 | |a Kula, Witold |e author |9 429054 | ||
| 245 | 1 | 4 | |a Las medidas y los hombres |
| 250 | |a 2a. ed | ||
| 260 | |a Ciudad de México |a Madrid, España |b Siglo Veintiuno |c 1980 | ||
| 300 | |a 482 páginas | ||
| 500 | |a c.2 Donación VRS-N.Vásquez L. | ||
| 583 | |a last modification |c 19880805 00:00:00 |k Rodrigo Vera | ||
| 650 | 7 | |a MEDICION HISTORIA |2 CL-VaPUC |9 313466 | |
| 942 | |c BK |2 ddc | ||
| 945 | |d 19880805 00:00:00 | ||
| 952 | |0 0 |1 0 |4 0 |6 907_200000000000000_KUL_1980 |7 0 |8 A |9 213296 |a BIBHIS |b BIBHIS |d 2019-11-15 |i 2816717 |o 907.2 KUL 1980 |p 2816717 |r 2025-01-20 |w 2019-11-15 |y BK |k HIS | ||
| 952 | |0 0 |1 0 |2 ddc |4 0 |6 907_200000000000000_KUL_1980 |7 0 |8 A |9 577837 |a BIBHIS |b BIBHIS |d 2021-05-20 |i 562164K |o 907.2 KUL 1980 |p 562164K |r 2025-01-20 |t 2 |w 2021-05-20 |y BK |k HIS | ||